ATF 2017 : book of proceedings from 5th International Conference on Building Physics and Applied Technology in Architecture and Building Structures. 14-16 September 2017, Zagreb, Croatia

Gespeichert in:
Bibliographische Detailangaben
Körperschaft: International Conference on Building Physics and Applied Technology in Architecture and Building Structures Zagreb, Chorvátsko
Weitere Verfasser: Chmelík, Vojtech, 1985- (Herausgegeben von), Jambrošić, Kristian (Herausgegeben von)
Format: Tagungsbericht Buch
Sprache:Englisch
Veröffentlicht: Zagreb : The University of Zagreb, 2017
Ausgabe:1. vyd.
Schlagworte:
Online-Zugang:https://perswww.kuleuven.be/~u0046505/ATF2017/proceedings_files/Proceedings%20of%20ATF2017%20Zagreb.pdf
Tags: Tag hinzufügen
Keine Tags, Fügen Sie das erste Tag hinzu!

MARC

LEADER 00000nam a22000003a 4500
001 0028257
005 20221207100413.7
008 141119s--------au----------------------d
020 |a 978-953-184-229-7 
040 |a STU  |b slo 
041 0 |a eng 
044 |a ci 
111 2 |a International Conference on Building Physics and Applied Technology in Architecture and Building Structures  |n 5th  |d 14. - 16. 9. 2017  |c Zagreb, Chorvátsko 
245 1 |a ATF 2017 :  |b book of proceedings from 5th International Conference on Building Physics and Applied Technology in Architecture and Building Structures. 14-16 September 2017, Zagreb, Croatia  |h [elektronický zdroj] 
250 |a 1. vyd. 
260 |a Zagreb :  |b The University of Zagreb,  |c 2017 
300 |a USB kľúč, 292 s. 
650 4 |a building physics 
650 4 |a building engineering 
650 4 |a architecture 
700 1 |a Chmelík, Vojtech,  |d 1985-  |u 010180  |r Z1  |9 90  |4 edt  |U SvF Stavebná fakulta  |T SvF Katedra konštrukcií pozemných stavieb  |X 20349  |U V180  |Y 18  |7 A000020349 
700 1 |a Jambrošić, Kristian  |4 edt  |9 10 
856 4 0 |u https://perswww.kuleuven.be/~u0046505/ATF2017/proceedings_files/Proceedings%20of%20ATF2017%20Zagreb.pdf 
996 |b 284M084588  |c M* CD-2706  |l MMKN  |s A  |a 24  |w 0028257_0001